|
|
|
|
| LEADER |
02412nam a2200481 4500 |
| 001 |
ocn798928666 |
| 003 |
OCoLC |
| 005 |
20170124071222.3 |
| 006 |
m o d |
| 007 |
cr cn||||||||| |
| 008 |
120712s2012 gw ob 000 0 ger d |
| 040 |
|
|
|a DG1
|b eng
|e pn
|c DG1
|d OCLCQ
|d E7B
|d OCLCF
|d OCLCA
|d OCLCQ
|d COO
|d OCLCQ
|d DG1
|d GrThAP
|
| 020 |
|
|
|a 9783433602102
|q (electronic bk.)
|
| 020 |
|
|
|a 3433602107
|q (electronic bk.)
|
| 020 |
|
|
|a 9783433029718
|
| 020 |
|
|
|a 3433029717
|
| 020 |
|
|
|a 9783433602119
|q (e-book)
|
| 020 |
|
|
|a 3433602115
|q (e-book)
|
| 029 |
1 |
|
|a NZ1
|b 15915040
|
| 035 |
|
|
|a (OCoLC)798928666
|
| 037 |
|
|
|a 10.1002/9783433602102
|b Wiley InterScience
|n http://www3.interscience.wiley.com
|
| 043 |
|
|
|a e------
|
| 050 |
|
4 |
|a TA683.2
|b .B46 2012
|
| 082 |
0 |
4 |
|a 693/.54
|2 23
|
| 049 |
|
|
|a MAIN
|
| 245 |
0 |
0 |
|a Bemessungshilfsmittel für Betonbauteile nach Eurocode 2 /
|c Klaus Holschemacher, Torsten Müller, Frank Lobisch.
|
| 264 |
|
1 |
|a Berlin :
|b Ernst & Sohn,
|c [2012]
|
| 264 |
|
4 |
|c ©2012
|
| 300 |
|
|
|a 1 online resource.
|
| 336 |
|
|
|a text
|b txt
|2 rdacontent
|
| 337 |
|
|
|a computer
|b c
|2 rdamedia
|
| 338 |
|
|
|a online resource
|b cr
|2 rdacarrier
|
| 505 |
0 |
|
|a Einleitung -- Sicherheitskonzept -- Baustoffe -- Verfahren der Schnittgraßenermittlung und deren Auswirkung auf die Querschnittsbemessung -- Bemessung in den Grenzzust̃nden der Tragf̃higkeit -- Bauteilspezifische konstruktive Regelungen -- Erl̃uterungen zu den Bemessungstafeln -- Anwendungsbeispiele -- Bemessungstabellen und -diagramme fur Normalbeton C12/15 -- C50/60 -- Bemessungstabellen und -diagramme fur hochfesten Beton C55/67 -- Bemessungstabellen und -diagramme fur hochfesten Beton C60/75 -- Bemessungstabellen und -diagramme fur hochfesten Beton C70/85 -- Bemessungstabellen und -diagramme fur hochfesten Beton C80/95 -- Bemessungstabellen und -diagramme fur hochfesten Beton C90/105 -- Bemessungstabellen und -diagramme fur hochfesten Beton C100/115.
|
| 504 |
|
|
|a Includes bibliographical references.
|
| 650 |
|
0 |
|a Reinforced concrete construction.
|
| 650 |
|
7 |
|a Reinforced concrete construction.
|2 fast
|0 (OCoLC)fst01093465
|
| 655 |
|
4 |
|a Electronic books.
|
| 700 |
1 |
|
|a Holschemacher, Klaus.
|
| 700 |
1 |
|
|a Müller, Torsten.
|
| 700 |
1 |
|
|a Lobisch, Frank.
|
| 710 |
2 |
|
|a Wiley InterScience (Online service)
|
| 856 |
4 |
0 |
|u https://doi.org/10.1002/9783433602102
|z Full Text via HEAL-Link
|
| 994 |
|
|
|a 92
|b DG1
|